000
00297nam a2200121Ia 4500
008
190216s9999||||xx |||||||||||||| ||und||
100
_a
Haywood J A & Nahmad H M
245
0
_a
New Arabic Grammer
260
_b
Lund Humphries London
_c
1995
300
_a
687p
650
_a
Arabic Grammer
942
_c
BK
999
_c
53
_d
53